LEADER 01465cas--2200433---450- 001 990001046110203316 005 20140224124553.0 011 $a0393-716X 035 $a0104611 035 $aUSA010104611 035 $a(ALEPH)000104611USA01 035 $a0104611 100 $a20020320d--------km-y0itay0103----ba 101 $aita 102 $aIT 110 $aafa-------- 200 1 $aNotiziario dell'ENEA. Energia e innovazione 210 $aRoma$cComitato nazionale per la ricerca e per lo sviluppo dell'energia nucleare e delle energie alternative 215 $avolumi$d26 cm 326 $aMensile 440 1$1001000111099$12001$aEnergia, ambiente e innovazion 520 $aNotiziario dell'ENEA (1982-1984) 676 $a539.7 801 0$aIT$bsalbc$gISBD 912 $a990001046110203316 958 $aECO$bFondo$c1982-1993.$l1986; 1991; 959 $aSE 979 $aPATTY$b90$c20020320$lUSA01$h0908 979 $c20020403$lUSA01$h1745 979 $aVITTORIANA$b00$c20020531$lUSA01$h1143 979 $aVITTORIANA$b00$c20020531$lUSA01$h1143 979 $aPATRY$b90$c20040406$lUSA01$h1712 979 $aVITTORIANA$b90$c20110412$lUSA01$h0932 979 $aVITTORIANA$b90$c20110412$lUSA01$h0936 979 $aVITTORIANA$b90$c20140224$lUSA01$h1241 979 $aVITTORIANA$b90$c20140224$lUSA01$h1244 979 $aVITTORIANA$b90$c20140224$lUSA01$h1245 996 $aNotiziario dell'ENEA. Energia e innovazione$9792511 997 $aUNISA LEADER 01842oam 2200493 450 001 9910709717003321 005 20230919000954.0 035 $a(CKB)5470000002473080 035 $a(OCoLC)896811369 035 $a(OCoLC)995470000002473080 035 $a(EXLCZ)995470000002473080 100 $a20141123d1993 ua 0 101 0 $aeng 135 $aurmn||||||||| 181 $ctxt$2rdacontent 182 $cc$2rdamedia 183 $acr$2rdacarrier 200 10$aRegional aquifers in Kansas, Nebraska, and parts of Arkansas, Colorado, Missouri, New Mexico, Oklahoma, South Dakota, Texas, and Wyoming--geohydrologic framework /$fby Donald G. Jorgensen, John O. Helgesen, and Jeffrey L. Imes 210 1$aWashington :$cU.S. Department of the Interior, U.S. Geological Survey,$d1993. 215 $a1 online resource (vii, B72 pages) $cillustrations, maps (some color) +$e25 plates 225 1 $aU.S. Geological Survey professional paper ;$v1414-B 225 1 $aRegional aquifer-system analysis--Central Midwest 320 $aIncludes bibliographical references (pages B68-B72). 606 $aAquifers$zMiddle West 606 $aAquifers$zWest (U.S.) 606 $aAquifers$2fast 607 $aMiddle West$2fast 615 0$aAquifers 615 0$aAquifers 615 7$aAquifers. 700 $aJorgensen$b Donald G.$01413419 702 $aHelgesen$b John O. 702 $aImes$b Jeffrey L.$f1947- 712 02$aGeological Survey (U.S.), 801 0$bCOP 801 1$bCOP 801 2$bOCLCO 801 2$bOCLCF 801 2$bOCLCA 801 2$bGPO 906 $aBOOK 912 $a9910709717003321 996 $aRegional aquifers in Kansas, Nebraska, and parts of Arkansas, Colorado, Missouri, New Mexico, Oklahoma, South Dakota, Texas, and Wyoming--geohydrologic framework$93545188 997 $aUNINA